书目信息 |
| 题名: |
滇西大复仇
|
|
| 作者: | 卢兴顺 , 刘波 著 | |
| 分册: | ||
| 出版信息: | 北京 长城出版社 2015 |
|
| 页数: | 252页 | |
| 开本: | 24cm | |
| 丛书名: | 中国抗日战争战场全景画卷丛书 | |
| 单 册: | ||
| 中图分类: | E296.93 | |
| 科图分类: | ||
| 主题词: | ||
| 电子资源: | ||
| ISBN: | 978-7-5483-0247-6 | |
| 000 | 01100oam2 2200289 45 | |
| 001 | 012001004282 | |
| 005 | 20140928162349.0 | |
| 010 | @a978-7-5483-0247-6@dCNY48.00 | |
| 100 | @a20151101d2015 em y0chiy50 ea | |
| 101 | 0 | @achi |
| 102 | @aCN@b110000 | |
| 105 | @aa z 000yy | |
| 106 | @ar | |
| 200 | 1 | @a滇西大复仇@9dian xi da fu chou@e滇西反攻战影像全纪录@f卢兴顺,刘波著 |
| 210 | @a北京@c长城出版社@d2015 | |
| 215 | @a252页@c照片@d24cm | |
| 225 | 1 | @a中国抗日战争战场全景画卷丛书@h第四辑@v28 |
| 300 | @a其他题名:滇西反攻战影像全纪录 | |
| 330 | @a本书全方位、多视角、全景式地讲述了1943年到1945年间将侵略者赶出国门、收复滇西广大国土、取得滇西反攻战最后胜利的全过程。辅以中日双方历史资料图片,让读者更加直观地了解这段历史。 | |
| 461 | 0 | @12001 @a中国抗日战争战场全景画卷丛书 |
| 517 | 1 | @a滇西反攻战影像全纪录@9dian xi fan gong zhan ying xiang quan ji lu |
| 601 | 02 | @a国民党军@x抗日战争时期战役战斗@y云南@j史料 |
| 690 | @aE296.93@v5 | |
| 701 | 0 | @a卢兴顺@9lu xing shun@4著 |
| 701 | 0 | @a刘波@9liu bo@4著 |
| 801 | 0 | @aCN@b上海新华@c20180901 |
| 905 | @b1170425-9@dE296.93@e107@f5 | |
| 滇西大复仇:滇西反攻战影像全纪录/卢兴顺,刘波著.-北京:长城出版社,2015 |
| 252页:照片;24cm.-(中国抗日战争战场全景画卷丛书.第四辑;28) |
| 其他题名:滇西反攻战影像全纪录 |
| ISBN 978-7-5483-0247-6:CNY48.00 |
| 本书全方位、多视角、全景式地讲述了1943年到1945年间将侵略者赶出国门、收复滇西广大国土、取得滇西反攻战最后胜利的全过程。辅以中日双方历史资料图片,让读者更加直观地了解这段历史。 |
| ● |
| 相关链接 |
|
|
|
|
正题名:滇西大复仇
索取号:E296.93/107
 
预约/预借
| 序号 | 登录号 | 条形码 | 馆藏地/架位号 | 状态 | 备注 |
| 1 | 1170425 | 211704253 | 第一样本阅览室/ [索取号:E296.93/107] | 在馆 | |
| 2 | 1170426 | 211704262 | 第一借阅区/ [索取号:E296.93/107] | 在馆 | |
| 3 | 1170427 | 211704271 | 第一借阅区/ [索取号:E296.93/107] | 在馆 | |
| 4 | 1170428 | 211704280 | 第一借阅区/ [索取号:E296.93/107] | 在馆 | |
| 5 | 1170429 | 211704299 | 密集书库-史法系/ [索取号:E296.93/107] | 在馆 |